রংপুরে ইসলাম / (Record no. 47177)
[ view plain ]
| 000 -LEADER | |
|---|---|
| fixed length control field | 01188nam a2200277 a 4500 |
| 001 - CONTROL NUMBER | |
| control field | 47177 |
| 003 - CONTROL NUMBER IDENTIFIER | |
| rucl marc code | BD-RjUL |
| 005 - DATE AND TIME OF LATEST TRANSACTION | |
| control field | 20211209054254.0 |
| 008 - FIXED-LENGTH DATA ELEMENTS--GENERAL INFORMATION | |
| fixed length control field | 160807s1994 bg ||||| |||| 00| 0 eng d |
| 020 ## - INTERNATIONAL STANDARD BOOK NUMBER | |
| International Standard Book Number | 9840601687 |
| Terms of availability | : Tk. 35.00 |
| 035 ## - SYSTEM CONTROL NUMBER | |
| System control number | (BD-RjUL)47296 |
| 040 ## - CATALOGING SOURCE | |
| Original cataloging agency | BD-RjUL |
| Language of cataloging | eng |
| Transcribing agency | BD-RjUL |
| 041 ## - LANGUAGE CODE | |
| Language code of text/sound track or separate title | eng |
| 082 ## - DEWEY DECIMAL CLASSIFICATION NUMBER | |
| Edition number | 23 |
| Classification number | 297.0954924 |
| Author mark and year | CHR 1994 |
| 100 1# - MAIN ENTRY--PERSONAL NAME | |
| Personal name | চৌধুরী, মোহাম্মদ হাসান আলী |
| 9 (RLIN) | 143660 |
| 245 10 - TITLE STATEMENT | |
| Title | রংপুরে ইসলাম / |
| Statement of responsibility, etc. | মোহাম্মদ হাসান আলী চৌধুরী |
| 260 ## - PUBLICATION, DISTRIBUTION, ETC. (IMPRINT) | |
| Place of publication, distribution, etc. | ঢাকা : |
| Name of publisher, distributor, etc. | ইসলামী ফাউন্ডেশন বাংলাদেশ , |
| Date of publication, distribution, etc. | ১৯৯৪ |
| 300 ## - PHYSICAL DESCRIPTION | |
| Pagination | [১২], ১১৭ পৃ. : |
| Illustrations | চিত্র ; |
| Size | ২০ সেমি. |
| 490 ## - SERIES STATEMENT | |
| Series statement | ইফাবা গবেষণা ; |
| Volume/sequential designation | ১৮ |
| Series statement | ইফাবা প্রকাশনা ; |
| Volume/sequential designation | ১৭৭৬ |
| 650 ## - SUBJECT ADDED ENTRY--TOPICAL TERM | |
| Topical term or geographic name as entry element | ইসলাম |
| 9 (RLIN) | 143661 |
| Geographic subdivision | রাজশাহী |
| Topical term or geographic name as entry element | Islam |
| 9 (RLIN) | 143662 |
| Geographic subdivision | Rajshahi |
| 830 ## - SERIES ADDED ENTRY--UNIFORM TITLE | |
| Uniform title | ইফাবা গবেষণা ; |
| Volume number/sequential designation | ১৮ |
| Uniform title | ইফাবা প্রকাশনা ; |
| Volume number/sequential designation | ১৭৭৬ |
| 942 ## - ADDED ENTRY ELEMENTS (KOHA) | |
| Source of classification or shelving scheme | Dewey Decimal Classification |
| Koha item type | Books |
| Lost status | Source of classification or shelving scheme | Damaged status | Not for loan | Collection code | Permanent Location | Current Location | Shelving location | Date acquired | Source of acquisition | Cost, normal purchase price | Total Checkouts | Full call number | Date last seen | Copy number | Koha item type |
|---|---|---|---|---|---|---|---|---|---|---|---|---|---|---|---|
| Dewey Decimal Classification | Non-fiction | Central Library, University of Rajshahi | Central Library, University of Rajshahi | 05/05/1996 | Isl.Fundation | 35.00 | B 297.549214 CHR 1994 | 07/08/2016 | C-2 | Books | |||||
| Dewey Decimal Classification | Not For Loan | Non-fiction | Central Library, University of Rajshahi | Central Library, University of Rajshahi | Reading Room | 05/05/1996 | Islamic Foundation Bangladesh, Dhaka | 35.00 | B297.0954924 CHR 1994 | 21/08/2017 | C-1 | Books |